LEADER 01153nam a2200265 i 4500 001 000000208705 003 CaOOAMICUS 005 20111125000000.0 008 111125s2011 it u000 u ita u 013 $a187493 020 $a978-88-7511-154-0 040 $aSeMil$bita 100 1 $aBonfanti, Michela.$0(OLS)http://semarc/name/74860 245 13$aLe edicole sacre di Monza :$bsilenziose tracce di devozione popolare /$cMichela Bonfanti, Simona Sironi. 260 $aMissaglia :$bBellavite,$c2011. 300 $a207 p. :$bill. ;$c24 cm. 650 4$aMonza - Storia religiosa.$0(OLS)http://semarc/subject/4994 650 4$aMonza - Edicole sacre.$0(OLS)http://semarc/subject/39220 700 1 $aSironi, Simona.$0(OLS)http://semarc/name/74861 850 $aSeMil 852 $aSeMil$W1$xVenegono$y1$m3P II 330$j159159$B159159$CSeMilBibl$Z2$F171662 $81 961 $aOmaggio: Altro 996 $6020$a978-88-7511-154-0$9(OLS)http://semarc/number/203256 996 $6245$aLe edicole sacre di Monza :$bsilenziose tracce di devozione popolare$9(OLS)http://semarc/title/301780 996 $6260$aMissaglia :$bBellavite$9(OLS)http://semarc/publisher/32362 LEADER 00832nam a2200217 i 4500 001 000000228619 003 CaOOAMICUS 005 20190927102218.0 008 140404s1984 it u000 u ita u 013 $a207521 040 $aSeMil$bita 245 10$aVol. 1. 264 1$aFirenze :$bLeo S. Olschki,$c1984. 300 $aLXIX, 333 p. ;$c26 cm 773 0 $t1: Rivelazioni della linguistica storica.$dFirenze : Leo S. Olschki, 1984.$kBiblioteca dell'Archivum romanicum. Serie 2., Linguistica$z978-88-222-3254-0$w()6769 850 $aSeMil 852 $aSeMil$W1$xVenegono$y1$m1P IV 2/1$j269171$B178965$CSeMilBibl$Z2$F190187 $81 961 $aFondo Ciprandi 996 $6245$aVol. 1$9(OLS)http://semarc/title/13429 996 $6264$aFirenze :$bLeo S. Olschki$9(OLS)http://semarc/publisher/29957